000 01133cam a2200205 4500
001 WB3913-10
008 030402n2003 000 0 eng u
035 _a(Sirsi) u121872
245 _aSeller's packs will modernise buying and selling
260 _c2003
490 _aODPM News Release
_v(2003/0060) 31 March 2003 (3)
520 _aSeller's packs have become home information packs in the measures up for consultation in the draft Housing Bill and are part of series of reforms intended to modernise buying and selling in England and Wales. The new packs are part of the consultation on the draft Housing Bill which is available on the ODPM website, http://www.housing.odpm.gov.uk/information/consult/housingbill/01.htm, and as well as a document which specifically looks at the effect of the packs on low demand low value areas. See also WB3913-09. ODPM News Release http://www.odpm.gov.uk/pns/DisplayPN.cgi?pn_id=2003_0060
590 _aWB
650 _aHOUSING BILL 2003
650 _aPRIVATE SECTOR HOUSING
650 _aHOME INFORMATION PACKS
650 _aPROPERTY TRANSACTIONS
690 _aHOUSING
942 _n0
999 _c72427
_d72427